000 00801nmc a2200301 a 4500
003 AR-BaBNM
005 20251128205522.0
008 217119s1995 ||||||||||||||000 | spa||
020 _a84-7166-494-1
040 _cAR-BaBNM
100 1 _aOvidio Nason, Publio
245 1 0 _aEl arte de amar ;
_bEl remedio del amor
260 _aMadrid
_bEdaf
_c1995
300 0 _a158 p.
490 0 _aBiblioteca Edaf
_vv. 54
500 0 _aContiene referencias bibliográficas en p. 47
650 4 _aLITERATURA LATINA
650 4 _aPOESIA
650 4 _aESCRITORES
653 _aPOESIA EROTICA
653 _aPOESIA ELEGIACA
653 _aEROTISMO
655 _aLITERATURA
700 1 _aCrivell, Francisco
_etraductor
700 1 _aGarcĂ­a Gual, Carlos
_eprologuista
942 _cBK
998 _cMARTIN
999 _c11719
_d11719